000 00446nam a2200181Ia 4500
001 11922
005 20260306162903.0
008 260306t2024||||xx |||||||||||||| ||spa||
041 _aESP
082 _aHR 324.6
_bJUL-DIC 2024 RE
110 _aOficina Nacional de Procesos Electorales
245 0 _aRevista Elecciones
260 _c2024
300 _a374 páginas :
_c24 cm.
650 _aGEN
654 _aCDE
942 _cREV
_dJUS
_fJUS
_2ddc
_n
999 _c11922
_d11922